000 00312 a2200157 4500
001 61508
020 _a9788508157334
040 _cAnchieta - Pituba
100 _aAlencar, José de
240 1 0 _aTil
_lpor
245 1 0 _aTil
300 _a248
362 0 _a2012
650 4 _aFicção brasileira
942 _cBK
999 _c61508
_d61508